000 00561nam a2200229Ia 4500
005 20250425162126.0
008 250425s9999 xx 000 0 und d
041 _aeng
082 _a384
100 _aGASMI, F.
245 0 _aCOST PROXY MODELS AND TELECOMMUNICATIONS POLICY: A NEW EMPIRICAL APPROACH TO REGULATION
250 _aS.E.
260 _aEstados Unidos
_bS.E.
_c2001
260 _aS.L.
300 _a213
650 _aMODELOS
650 _aPOLITICA
650 _aTELECOMUNICACIONES
710 _aS. A.
942 _c01
010 _a51414
999 _c222836
_d222836